000 01567nam a2200385 a 4500
001 ebr10256479
003 CaPaEBR
006 m u
007 cr cn|||||||||
008 070702s2007 gw sb 001 0 eng
010 _z 2007027565
020 _z9783110190809 (hardcover : alk. paper)
020 _z311019080X (hardcover : alk. paper)
020 _z9783110190816 (pbk. : alk. paper)
020 _z3110190818 (pbk. : alk. paper)
040 _aCaPaEBR
_cCaPaEBR
035 _a(OCoLC)471132585
050 1 4 _aP120.V37
_bS789 2007eb
082 0 4 _a410
_222
245 0 0 _aStyle and social identities
_h[electronic resource] :
_balternative approaches to linguistic heterogeneity /
_cedited by Peter Auer.
260 _aBerlin ;
_aNew York :
_bMouton de Gruyter,
_cc2007.
300 _aviii, 513 p.
490 1 _aLanguage, power, and social process ;
_v18
504 _aIncludes bibliographical references and index.
533 _aElectronic reproduction.
_bPalo Alto, Calif. :
_cebrary,
_d2013.
_nAvailable via World Wide Web.
_nAccess may be limited to ebrary affiliated libraries.
650 0 _aLanguage and languages
_xVariation.
650 0 _aLanguage and languages
_xStyle.
650 0 _aGroup identity.
650 0 _aIdentity (Psychology)
655 7 _aElectronic books.
_2local
700 1 _aAuer, Peter,
_d1954-
710 2 _aebrary, Inc.
830 0 _aLanguage, power, and social process ;
_v18.
856 4 0 _uhttp://site.ebrary.com/lib/rucke/Doc?id=10256479
_zAn electronic book accessible through the World Wide Web; click to view
999 _c12810
_d12810